000 00899nam a2200277 4500
003 EG-GICUC
005 20260209123331.0
008 260209s1927 fr ||||fr|||| 00| 0 fre d
040 _aEG-GiCUC
_bfre
_cEG-GiCUC
_dEG-GiCUC
_eRda
041 0 _afre
082 0 4 _221
_a341.66
_bME . T
092 0 4 _221
099 _aLaw1 11 341.66 ME . T 1927
100 1 _aMestre, Achille
245 1 0 _aLa théorie du dommage direct :
_bSon application aux dommages de guerry en matière agricole /
_cAchille Mestre.
264 1 _aParis :
_bRecueil Sirey,
_c1927.
300 _a48 page ;
_c 24 cm.
336 _2rda contenu
_a texte
337 _2rda medias
_aOrdinateur
338 _2 transporteur rda
_a Ressource en ligne
546 _aTexte en français
650 1 4 _aPublic international law
856 4 0 _uhttps://fll.law.cu.edu.eg/fulltext/bks/B11-07590.pdf
905 _a30
942 _2ddc
_cBK
_e21
_n0
999 _c61794
_d61794